000 00842cam a2200253 i 4500
001 10588
003 BD-RjUL
005 20211208235000.0
008 140125s1979 ii b 001 0 eng
035 _a(BD-RjUL)10636
040 _aDLC
_cDLC
_dDLC
_dBD-RjUL
_beng
041 _aeng
082 0 0 _a307.720954
_bSTU 1979
_223
245 0 0 _aStudies in rural development /
_cedited by G. Thimmaiah.
260 _aAllahabad :
_bChugh,
_cc1979.
300 _a223 p. ;
_c22 cm.
500 _aPapers presented at staff seminars of the Institute for Social and Economic Change, 1977-78.
504 _aIncludes bibliographical references and index.
650 0 _aRural development
_zIndia.
_95606
700 1 _aThimmaiah, G.
_932731
710 2 _aInstitute for Social and Economic Change.
_932732
942 _2ddc
_cBK
999 _c10588
_d10588